000 01025nam a2200265 a 4500
999 _c1346
_d1346
001 1569951
003 CoMeUDC
005 20210603090537.0
008 171220s2017 ck grl 00010 spa d
020 _a9789586766869
040 _cCO-UdeCO
082 0 4 _a346.04
_bJ17
100 _aJaramillo Castañeda, Armando
_91638
245 1 0 _aArrendamiento y restitución :
_bCódigo General del Proceso /
_cArmando Jaramillo Castañeda.
250 _aTercera edición
260 _aBogotá :
_bEdiciones Doctrina y Ley,
_c2017.
300 _a480 p. ;
_c23 cm.
500 _aVivienda urbana, comercial y regulación de la renta, Jurisprudencia de la Corte Suprema de Justicia, Constitucional y Tribunal Superior de Bogotá, Ley 820 de 2003.
504 _aIncluye bibliografía e índice de jurisprudencia
650 0 _aLegislación sobre arrendamiento
_91639
650 4 _aContratos de arrendamiento
_x Legislación
_z Colombia.
650 _aArrendador y arrendatario
_z Colombia.
942 _2ddc
_cBK
949 _a